Archivos del presente (Registro nro. 8638)

Detalles MARC
000 -LEADER
fixed length control field 01011nas a2200277 454500
001 - CONTROL NUMBER
control field 28180
005 - DATE AND TIME OF LATEST TRANSACTION
control field 20260407193507.0
008 - FIXED-LENGTH DATA ELEMENTS--GENERAL INFORMATION
fixed length control field 260407s1995####ag###########|||spa#d
003 - CONTROL NUMBER IDENTIFIER
control field AR-UNSa-BCEJYS
040 ## - CATALOGING SOURCE
Original cataloging agency AR-UNSa-BCEJYS
Language of cataloging spa
Transcribing agency AR-UNSa-BCEJYS
080 ## - UNIVERSAL DECIMAL CLASSIFICATION NUMBER
Universal Decimal Classification number 327
Common auxiliary subdivision Relaciones internacionales. Política internacional. Asuntos internacionales. Política exterior<br/>
022 ## - INTERNATIONAL STANDARD SERIAL NUMBER
International Standard Serial Number 0328-3151
100 1# - MAIN ENTRY--PERSONAL NAME
Personal name Fundación Foro del Sur
245 10 - TITLE STATEMENT
Title Archivos del presente
Name of part/section of a work revista latinoamericana de temas internacionales
264 #1 - PRODUCTION, PUBLICATION, DISTRIBUTION, MANUFACTURE, AND COPYRIGHT NOTICE
Place of production, publication, distribution, manufacture Buenos Aires :
Name of producer, publisher, distributor, manufacturer Fundación Foro de Sur
Date of production, publication, distribution, manufacture, or copyright notice 1995
310 ## - CURRENT PUBLICATION FREQUENCY
Current publication frequency Frecuencia: Bimestral
590 ## - LOCAL NOTE (RLIN)
Local note niveau_biblio:s niveau_hierar:1
650 ## - SUBJECT ADDED ENTRY--TOPICAL TERM
Topical term or geographic name entry element Relaciones internacionales
650 ## - SUBJECT ADDED ENTRY--TOPICAL TERM
Topical term or geographic name entry element Comercio internacional
650 ## - SUBJECT ADDED ENTRY--TOPICAL TERM
Topical term or geographic name entry element Política social
650 ## - SUBJECT ADDED ENTRY--TOPICAL TERM
Topical term or geographic name entry element ECONOMIA
650 ## - SUBJECT ADDED ENTRY--TOPICAL TERM
Topical term or geographic name entry element INTEGRACION REGIONAL
700 1# - ADDED ENTRY--PERSONAL NAME
Personal name Jozami, Aníbal Y.
856 41 - ELECTRONIC LOCATION AND ACCESS
Uniform Resource Identifier <a href="https://biblioeco.unsa.edu.ar/pmb/images/revistas/Archivos del Presente-r13670.jpg">https://biblioeco.unsa.edu.ar/pmb/images/revistas/Archivos del Presente-r13670.jpg</a>
Link text Imagen de portada
Electronic format type image/jpeg
942 ## - ADDED ENTRY ELEMENTS (KOHA)
Koha item type
Existencias
Withdrawn status Lost status Damaged status Not for loan Home library Current library Shelving location Date acquired Serial enumeration / chronology Total checkouts Full call number Barcode Date last seen Price effective from Koha item type
        Biblioteca Prof. Eusebio Cleto del Rey Biblioteca Prof. Eusebio Cleto del Rey   01/01/2013 Año 16, Nº 60 - ene. 2013   H327 ARC 60 R13671 10/04/2026 10/04/2026 Numero
        Biblioteca Prof. Eusebio Cleto del Rey Biblioteca Prof. Eusebio Cleto del Rey   01/06/2012 Año 16, Nº 59 - jun. 2012   H327 ARC 59 R13670 10/04/2026 10/04/2026 Numero
        Biblioteca Prof. Eusebio Cleto del Rey Biblioteca Prof. Eusebio Cleto del Rey   01/01/2012 Año 16, Nº 57/58 - ene. 2012   H327 ARC 57/58 R13668 10/04/2026 10/04/2026 Numero